000 00554nam a22001817a 4500
003 UA-OsUOA
001 12640
007 ta
008 20050426b un ||||| |||| 00| 0 ukr d
100 _aШицький І.
942 _cSA
040 _aUA-OsUOA
_cUA-OsUOA
_dUA-OsUOA
245 _aМісцеві господарські суди як юридичні особи публічного права
300 _aС.96-100
955 _a0
773 0 _w0
_tПраво України
_dКиїв
_d2005
_gN4
650 7 _aГосподарський суд
_2UDC
999 _c298801
_d298801